| 000 | 00826nam a22002297a 4500 | ||
|---|---|---|---|
| 005 | 20160901165330.0 | ||
| 010 | _a B-599070-086 ENG-115629 | ||
| 020 |
_a9788126555482 _c799.00 |
||
| 035 | _aB-599070-086 | ||
| 035 | _aEN-99161 | ||
| 037 |
_bAsian Book Center/Ven _adpl |
||
| 037 | _bDBAD/PUB | ||
| 082 | _a006.7 | ||
| 100 | _aPlumley, George | ||
| 245 | 0 | 0 |
_aWord Press 24-hour Trainer: _cby George, Plumley _bComplete learning package with online video tutorials/ |
| 250 | _a3rd ed. | ||
| 260 |
_aNew Delhi _bWiley India _c2015 |
||
| 270 |
_a4435-36/7,Ansari Road, Darya Ganj, _bNew Delhi _e110002 |
||
| 300 |
_axxxii 423p.: _c24cm(pbk) _bill. |
||
| 942 |
_2ddc _cEN _h006.7 _mPLU |
||
| 999 |
_c95838 _d95838 |
||